| 000 | 00440nam a2200157Ia 4500 | ||
|---|---|---|---|
| 008 | 151213s9999 xx 000 0 und d | ||
| 020 | _a984-809017-7 | ||
| 100 | _aGraham B. Munson | ||
| 245 |
_aRobert Frost , A Study in Sensibility and Good Sense _cGraham B. Munson |
||
| 260 |
_aNew York _bKarnikat Press _c1927 |
||
| 300 | _a4644 p. | ||
| 650 | _aEnglish | ||
| 650 | _aEnglish Literature | ||
| 700 | _aGraham B. Munson | ||
| 999 |
_c2991 _d2991 |
||